History Quiz

Random History or Country Quiz

Youngest/Oldest African Countries Quiz Stats

Quiz not verified by Sporcle

Challenge
Share
Tweet
Embed
Score 0/20 Timer 02:00
0 Plays Today
Country % Correct
Egypt
90.1%
South Africa
88.5%
Ethiopia
88.1%
Morocco
79%
Libya
75.1%
Liberia
73%
Sudan
72.6%
Tunisia
69%
Eritrea
68%
Namibia
63.1%
Country % Correct
Ghana
63.1%
Zimbabwe
60.5%
Angola
59.6%
Djibouti
54%
Guinea
48.8%
Seychelles
45.6%
Comoros
44.1%
Cape Verde
43.3%
Sao Tome and Principe
42.4%
South Sudan
40%

You're not logged in!

Compare scores with friends on all Sporcle quizzes.
Join for Free
OR
Log In

You Might Also Like...

Show Comments

Extras

Top Quizzes Today


Score Distribution

Your Account Isn't Verified!

In order to create a playlist on Sporcle, you need to verify the email address you used during registration. Go to your Sporcle Settings to finish the process.

Report this User

Report this user for behavior that violates our Community Guidelines.

Details: